|
|
|
|
| LEADER |
00935nam a22002417a 4500 |
| 001 |
42297 |
| 003 |
BD-DhAAL |
| 005 |
20240228160321.0 |
| 008 |
240228t2009 bg ||||| |||| 00| 0 eng d |
| 082 |
|
|
|a 342.5491068
|2 21
|
| 100 |
|
|
|a Chowdhury, M. Nurunnabi.
|
| 245 |
|
|
|a Tale of a civil servant /
|c M. Nurunnabi Chowdhury.
|
| 260 |
|
|
|a Dhaka :
|b Hakkani Publishers,
|c 2009.
|
| 300 |
|
|
|a 375 pages ;
|c 22 cm.
|
| 541 |
|
|
|a Donated By Rebecca Dipa Khan
|e 42297
|
| 600 |
|
|
|a Chowdhury, M. Nurunnabi,
|d 1934
|9 56076
|
| 650 |
|
|
|a Civil service
|z Pakistan
|v Biography.
|9 56051
|
| 650 |
|
|
|a Civil service
|z Pakistan.
|9 56051
|
| 651 |
|
|
|a Pakistan
|v Biography.
|9 47377
|
| 852 |
|
|
|a Ayesha Abed Library
|c General Stacks
|
| 942 |
|
|
|2 ddc
|c BK
|
| 999 |
|
|
|c 46428
|d 46428
|
| 952 |
|
|
|0 0
|1 0
|2 ddc
|4 0
|6 342_549106800000000_CHO
|7 0
|9 75190
|a BRACUL
|b BRACUL
|c GEN
|d 2024-02-28
|e Donated By Rebecca Dipa Khan
|g 600.00
|l 0
|o 342.5491068 CHO
|p 3010042297
|r 2024-02-28
|t 1
|w 2024-02-28
|y BK
|